Luís de Camões : exposição bibliográfica comemorativa do IV centenário da sua morte (Registo nº 198965)

Detalhes MARC
000 -Etiqueta do registo
Valores 00973nam 22001933 4500
100 ## - Dados gerais de processamento
Dados gerais 20251112 pory50
200 ## - Titulo e menção de responsabilidade
Título próprio Luís de Camões : exposição bibliográfica comemorativa do IV centenário da sua morte
Primeira menção de responsabilidade Biblioteca Pública Municipal do Porto ; pref. Ma Fernanda de Brito
Outras menções de responsabilidade pref. Maria Fernanda de Brito
210 ## - Publicação
Local de publicação Porto
Nome do editor Biblioteca Pública Municipal do Porto
Data de publicação 1980-1982
215 ## - Descrição física 
Paginação / Volumes 3 vols.
Outras indicações físicas Brochado
Dimensões 24 cm
327 ## - Nota de conteúdo
Texto da nota 1o v.: Bibliografia activa. - 1980. - 183, [1] p.: [7] f. il. ; . - 2o v.: Tomo I - Bibliografia passiva. - 1980. - 299, [1] p.: [6] f. il. - Tomo II - Bibliografia passiva. - 1980. - 311, [1] p.: [3] f. il. ; . - 3o v.: Apêndice. - 1982. - 598, [1] p.: [6] f. il.<br/>
606 ## - Nome comum usado como assunto
ID Autoridade 4525
Palavra de ordem Bibliografias
610 ## - Termos não controlados
Palavra de ordem Luís de Camões
675 ## - CDU
Notação 01
Edição PT
Língua por
710 ## - Autor principal (colectividade)
ID Autoridade 14876
Nome da entidade Biblioteca Pública Municipal do Porto
801 ## - Fonte de origem
País PT
Agência BMMN
Regras de catalogação RPC
830 ## - Notas gerais do catalogador
Criado por Fernando
Indexado por Fernando
990 ## - Elementos KOHA
Tipo de documento Livro
Exemplares
Situação do levantamento Biblioteca de origem Código de barras Cota Permissão de empréstimo Tipo de documento Forma de aquisição
  Biblioteca Municipal de Montemor-o-Novo 27611 01 BIB|DEP (vol.I)   Livro Compra
  Biblioteca Municipal de Montemor-o-Novo 27612 01 BIB|DEP (vol.II,tomo I)   Livro Compra
  Biblioteca Municipal de Montemor-o-Novo 27613 01 BIB|DEP (vol.II,tomo II)   Livro Compra
  Biblioteca Municipal de Montemor-o-Novo 27614 01 BIB|DEP (vol.II,tomo III)   Livro Compra

Powered by Koha